উনিশ শ' একাত্তর : স্মৃতিতে, কথায়, লেখায়. ১ম খণ্ড /

Detaylı Bibliyografya
Diğer Yazarlar: চৌধুরী, আফসান
Materyal Türü: Kitap
Dil:Bengali
Baskı/Yayın Bilgisi: ঢাকা : শ্রাবণ প্রকাশনী, ২০২০.
Edisyon:দ্বিতীয় সংস্করণ.
Konular:
Classic Catalogue: View this record in Classic Catalogue
LEADER 01697nam a22003137a 4500
001 44977
003 BD-DhAAL
005 20251023150320.0
008 251023t2020 bg ||||| |||| 001 0 ben d
020 |a 9789849304555 (hardcover) 
040 |a BD-DhAAL  |c BD-DhAAL 
041 |a ben 
082 |a 954.9205  |2 23 
245 |a উনিশ শ' একাত্তর :  |b স্মৃতিতে, কথায়, লেখায়.  |n ১ম খণ্ড /  |c সম্পাদক, আফসান চৌধুরী. 
246 |a উনিশ শ' একাত্তর 
250 |a দ্বিতীয় সংস্করণ. 
260 |a ঢাকা :  |b শ্রাবণ প্রকাশনী,  |c ২০২০. 
300 |a ৩১২ পৃষ্ঠা ;  |c ২২ সে.মি. 
362 |a Vol. 1 
500 |a নির্ঘণ্ট অন্তর্ভুক্ত। 
526 |a ENH  |x Sabreena Ahmed, PhD Associate Professor Department of English and Humanities BRAC University Course Name : N/A 
541 |a Karim International  |e 44977 
651 |a Bangladesh  |x History  |y Revolution, 1971. 
651 |a বাংলাদেশ  |x ইতিহাস  |y মুক্তিযুদ্ধ, ১৯৭১. 
700 |a চৌধুরী, আফসান. 
852 |a Ayesha Abed Library  |c Liberation War Corner 
942 |c BK  |2 ddc 
999 |c 47604  |d 47604 
952 |0 0  |1 0  |2 ddc  |4 0  |6 954_920500000000000_UNI  |7 0  |9 78394  |a BRACUL  |b BRACUL  |c BNC  |d 2025-10-21  |e Karim International  |g 435.00  |l 1  |o 954.9205 UNI  |p 3010044977  |q 2026-06-02  |r 2026-05-20  |s 2026-05-20  |t 1  |v 870.00  |w 2025-10-21  |y BK  |x Requisitioned by Sabreena Ahmed (Associate Professor, Department of English and Humanities, BRAC University).